[Event "IIFL Wealth 4th Mumbai GM"]
[Site "Mumbai"]
[Date "2019.01.03"]
[Round "5"]
[White "Rozum, Ivan"]
[Black "Anuj Shrivatri"]
[Result "1-0"]
[WhiteElo "2589"]
[BlackElo "2357"]
[Annotator "TA"]
[PlyCount "113"]
[EventDate "2018.12.30"]
[EventType "swiss"]
[EventCountry "IND"]
[SourceTitle "playchess.com"]
[Source "ChessBase"]
[SourceQuality "1"]

{[%evp 27,113,58,45,40,41,25,53,25,15,0,0,-28,0,-108,25,-41,-39,-55,-50,-39,0,0,0,0,0,0,0,21,17,0,0,0,0,0,0,0,0,0,0,0,72,50,50,50,161,50,158,50,116,111,181,172,234,246,242,240,234,236,262,262,262,254,237,243,611,600,577,574,537,465,859,853,29971,29972,29964,12781,29972,29973,29971,29972,6390,6406,29977,29977,29975,29975,12835,6187]} 1. d4 Nf6 2. c4 g6 3. Nc3 Bg7 4. e4 d6 5. f3 O-O 6. Be3 c5 7. Nge2 Nc6 8. d5 Ne5 9. Ng3 h5 10. Be2 {E81: King's Indian: Sämisch: 6th move deviations (including 6 Be3 c6)} h4 11. Nf1 e6 12. Nd2 (12. Bg5 exd5 13. Nxd5 h3 14. gxh3 Bxh3 15. Ng3 Qa5+ 16. b4 Qd8 17. bxc5 Qa5+ {½-½ (89) Sethuraman,S (2631)-Jones,G (2675) Dubai 2018}) 12... exd5 13. cxd5 h3 14. g3 a6 {LiveBook: 18 Games} 15. a4 Bd7 16. O-O b5 $1 17. Qc2 {[%cal Ra4b5]} c4 {[#]} 18. axb5 $146 axb5 19. b4 Qc7 20. Bd4 (20. Kh1 $11) 20... Nh5 (20... Rxa1 $17 21. Rxa1 Nd3 $1 {[%mdl 512]}) 21. Rxa8 (21. Kh1 $1 $11) 21... Rxa8 $15 22. Nd1 Ra4 23. Qc3 Qb8 24. Ne3 Qa8 {And now ...Ra3 would win.} 25. Nc2 $1 ({Reject} 25. f4 Nd3 $1 $17 {[%mdl 512]}) 25... Ra2 26. Ra1 $1 Qa4 27. Rxa2 Qxa2 28. f4 Ng4 29. Bxg7 Nxg7 30. Bd1 Qa7+ 31. Qd4 $1 {[%cal Rd4a7]} Qa6 32. Nb1 Qa2 33. Qa1 Qxa1 (33... Qb3 $1 $11 {remains equal.} 34. Nd2 Qd3) 34. Nxa1 $16 Ne8 35. Nc2 Nc7 {[#]} (35... Nh6 $1 $14) 36. Nc3 (36. Bxg4 $1 $18 Bxg4 37. Kf2) 36... Kf8 {[#]} (36... Nh6 $1 $14) 37. Nd4 ({White must play} 37. Bxg4 $1 $16 Bxg4 38. Kf2) 37... Nf6 (37... Nh6 $1 $14) 38. Bf3 Nfe8 (38... Na6 $16) 39. Kf2 $18 Na6 (39... Nf6 $142 40. Ke3 Ke7) 40. Ndxb5 ({Much less strong is} 40. Ncxb5 $6 Nxb4 41. Ke3 Nf6) 40... Nxb4 41. Na3 f5 42. Nxc4 fxe4 43. Bxe4 Kg7 44. Ne3 Nf6 45. Kf3 g5 $2 (45... Bc8 46. Nb5 Ne8) 46. fxg5 Nxe4 47. Nxe4 {[%mdl 4096] Endgame KBN-KNN} Kg6 48. g4 Nd3 (48... Ba4 $142 49. Nxd6 Bb3) 49. Kg3 Nc5 50. Nxc5 dxc5 51. Kxh3 Kxg5 {KB-KN} 52. Kg3 Bb5 53. h4+ Kf6 54. Kf4 c4 55. Ke4 c3 56. Kd4 c2 57. Nxc2 {Accuracy: White = 58%, Black = 34%.} (57. g5+ $142 Kg6 58. Nxc2) 1-0

[Event "IIFL Wealth 4th Mumbai GM"]
[Site "Mumbai"]
[Date "2019.01.03"]
[Round "5"]
[White "Chanda, Sandipan"]
[Black "Rahman, Ziaur"]
[Result "1-0"]
[WhiteElo "2555"]
[BlackElo "2468"]
[Annotator "TA"]
[PlyCount "43"]
[EventDate "2018.12.30"]
[EventType "swiss"]
[EventCountry "IND"]
[SourceTitle "playchess.com"]
[Source "ChessBase"]
[SourceQuality "1"]

{[%evp 13,43,6,31,12,29,31,74,75,74,78,92,85,92,82,85,79,77,73,218,222,213,213,243,240,309,320,385,380,454,432,497,481]} 1. d4 d5 2. Nf3 Nf6 3. Bf4 c5 4. e3 Nc6 5. Nbd2 (5. c3 e6 6. Nbd2 cxd4 7. exd4 Nh5 8. Bg5 f6 9. Be3 Bd6 10. Bb5 O-O 11. O-O Ne7 12. Re1 Bd7 13. Bd3 g6 14. Bh6 Rf7 {½-½ (83) Caruana,F (2822)-Aronian,L (2767) chess.com INT 2018}) 5... cxd4 6. exd4 {D02: 1 d4 d5 2 Nf3 sidelines, including 2...Nf6 3 g3 and 2...Nf6 3 Bf4} Bf5 7. Bb5 e6 {LiveBook: 3 Games} 8. Ne5 {White is slightly better.} Qb6 9. c4 {[%cal Bc2c4,Bc4c5][%mdl 32]} Bb4 $146 {[#] Hoping for ...0-0.} ({Predecessor:} 9... dxc4 10. Qa4 a6 11. Bxc6+ bxc6 12. O-O Nd5 13. Bg3 c3 14. bxc3 Qb5 15. Qb3 Qxb3 {½-½ (15) Nabaty,T (2692)-Michalik,P (2555) Czech Republic 2018}) 10. Qa4 $1 {[%cal Ra4b4] Strongly threatening Qxb4.} Bxd2+ 11. Bxd2 a6 12. Bxc6+ bxc6 13. c5 $36 {[%mdl 2048] Keeping Black busy.} ({Much worse is} 13. Qxc6+ $6 Qxc6 14. Nxc6 dxc4 $11) 13... Qb5 14. Qxb5 cxb5 15. c6 Ng4 {[#]} (15... Ne4 $16 {was worth a try.}) 16. Nd7 $1 $18 Ra7 17. Ba5 e5 18. h3 (18. Nxe5 $6 Re7) 18... Nh6 19. Nb6 ({Less strong is} 19. dxe5 Bxd7 20. cxd7+ Rxd7 $14) ({But not} 19. Nxe5 $6 f6 $18) 19... exd4 20. Rc1 O-O 21. c7 Bc8 22. Bb4 {Precision: White = 100%, Black = 24%.} 1-0

[Event "IIFL Wealth 4th Mumbai GM"]
[Site "Mumbai"]
[Date "2019.01.03"]
[Round "5"]
[White "Deepan Chakkravarthy J."]
[Black "Mohammad Fahad, Rahman"]
[Result "1-0"]
[WhiteElo "2550"]
[BlackElo "2381"]
[Annotator "TA"]
[PlyCount "35"]
[EventDate "2018.12.30"]
[EventType "swiss"]
[EventCountry "IND"]
[SourceTitle "playchess.com"]
[Source "ChessBase"]
[SourceQuality "1"]

{[%evp 17,35,13,32,8,111,105,125,136,130,128,132,125,211,193,310,303,393,396,1249,1243]} 1. e4 e5 2. Nf3 Nc6 3. Bb5 {[%cal Bf1b5,Bb5a4,Ba4b3][%mdl 32]} a6 4. Ba4 Nf6 5. O-O b5 6. Bb3 Bb7 7. d3 Be7 8. a4 O-O 9. Nc3 Nd4 {LiveBook: 5 Games. C84: Closed Ruy Lopez: Unusual White 6th moves} (9... Na5 10. axb5 Nxb3 11. cxb3 d6 12. bxa6 Rxa6 13. Bg5 Rxa1 14. Qxa1 c5 15. Qa7 Qd7 16. Ra1 h6 17. Bxf6 Bxf6 18. Ra4 Ra8 19. Qb6 Rb8 {1-0 (57) Naiditsch,A (2706)-Bartel,M (2659) Poznan 2014}) 10. axb5 (10. Ba2 {with more complications.} Nxf3+ 11. Qxf3 c6 12. Re1 Qc7 13. Bb3) 10... axb5 $146 (10... Nxb3 $11 {keeps the balance.} 11. cxb3 axb5 12. Rxa8 Qxa8) ({Predecessor:} 10... Nxb3 11. cxb3 axb5 12. Rxa8 Bxa8 13. Nxb5 d5 14. Nxe5 dxe4 15. dxe4 Bxe4 16. Bg5 Re8 17. h3 h6 18. Bh4 Qc8 19. Nc3 {0-1 (43) Asgarizadeh,A (2309)-Derakhshani,D (2107) Teheran 2014}) 11. Rxa8 $16 Qxa8 {White is better.} 12. Nxd4 ({Much worse is} 12. Nxe5 $6 Nxb3 13. cxb3 b4 $11) 12... exd4 13. Nxb5 {[%mdl 64] [#] Double Attack} c5 14. Bf4 Bc6 (14... Qa6 $16) 15. Nd6 $18 g6 (15... Qb8 $142) 16. Qf3 Ne8 17. Nxe8 Rxe8 $2 {[#]} (17... Qxe8 18. Bh6 Qb8) 18. Bd6 $1 {[%mdl 512]} 1-0

[Event "IIFL Wealth 4th Mumbai GM"]
[Site "Mumbai"]
[Date "2019.01.03"]
[Round "5"]
[White "Puranik, Abhimanyu"]
[Black "Srihari L R"]
[Result "1-0"]
[WhiteElo "2544"]
[BlackElo "2316"]
[Annotator "TA"]
[PlyCount "79"]
[EventDate "2018.12.30"]
[EventType "swiss"]
[EventCountry "IND"]
[SourceTitle "playchess.com"]
[Source "ChessBase"]
[SourceQuality "1"]

{[%evp 24,79,2,-17,-23,-23,-21,-17,-25,-68,-75,-65,-66,-158,-154,-161,-98,-95,-98,-95,-111,-151,-167,-142,-144,-134,-148,-184,-171,-137,-128,-141,-109,-109,-86,-89,-89,-89,-89,-111,-93,-115,-6,-52,-24,-39,-43,-47,0,0,328,318,29982,29983,29976,29974,29974,29975]} 1. Nf3 d5 2. g3 Nf6 3. Bg2 c5 4. O-O Nc6 5. c4 d4 6. e3 g6 7. exd4 cxd4 8. d3 Bg7 9. Na3 {A09: Réti Opening: 1 Nf3 d5 2 c4} O-O 10. Re1 Nd7 11. Nc2 a5 12. b3 Re8 13. Ba3 {[#] LiveBook: 3 Games} e5 $146 ({Predecessor:} 13... Nde5 14. Ng5 Bg4 15. f3 Bf5 16. Ne4 b5 {1-0 (92) Kuzubov,Y (2651)-Efimenko,Z (2651) Rivne 2016}) 14. Qe2 Nf6 15. Qd2 h6 {Threatening ...e4.} 16. Rad1 e4 17. dxe4 Nxe4 18. Qe2 {[#]} ({White should play} 18. Rxe4 $15 Rxe4 19. Bc5) 18... Bf5 $1 $17 19. Qf1 Nxg3 (19... Nc3 $19 20. Rxe8+ Qxe8) 20. hxg3 {And now Rxe8+ would win.} Bxc2 21. Rxe8+ Qxe8 22. Re1 Qd7 23. Qe2 Bf5 24. Nh4 Bg4 25. Qd2 a4 26. Bc5 g5 27. Nf3 Qf5 28. Nh2 Qxc5 29. Nxg4 axb3 30. axb3 h5 31. Nh2 Qa5 32. Qd1 d3 (32... g4 $17 33. Nf1 Qc3) 33. Nf1 Rd8 34. Bd5 $1 Nb4 35. Re3 g4 {Threatens to win with ...Bd4.} 36. Qe1 {Re8+ is the strong threat.} Qb6 $2 {[%mdl 8192]} (36... Bf6 $11 {and Black is okay.}) 37. Re8+ $18 Bf8 $2 (37... Rxe8 $18 38. Qxe8+ {[%mdl 64] Double Attack} Kh7) 38. Qe7 $1 {[%mdl 64] [#] Double Attack. White mates.} Nxd5 39. Qxf8+ Kh7 40. Rxd8 {Accuracy: White = 42%, Black = 32%.} 1-0

[Event "IIFL Wealth 4th Mumbai GM"]
[Site "Mumbai"]
[Date "2019.01.03"]
[Round "5"]
[White "Saptarshi, Roy"]
[Black "Muthaiah AL"]
[Result "0-1"]
[WhiteElo "2494"]
[BlackElo "2408"]
[Annotator "TA"]
[PlyCount "66"]
[EventDate "2018.12.30"]
[EventType "swiss"]
[EventCountry "IND"]
[SourceTitle "playchess.com"]
[Source "ChessBase"]
[SourceQuality "1"]

{[%evp 15,66,0,0,0,-14,-19,-24,-25,0,0,0,-20,25,-48,-7,-16,-20,-62,-48,-179,-168,-170,-176,-177,-178,-331,-329,-529,-325,-325,-322,-289,-297,-612,-558,-710,-666,-965,-973,-1162,-1154,-1111,-1093,-1591,-1588,-2001,-1978,-29985,-29985,-29986,-29980,-3029,-2967]} 1. e4 c5 2. Nf3 d6 3. Bc4 Nc6 4. d3 Nf6 5. h3 (5. O-O Bg4 6. h3 Bxf3 7. Qxf3 g6 8. Nc3 Bg7 9. Qd1 O-O 10. a3 a6 11. Ba2 b5 12. Bg5 e6 13. Qd2 {½-½ (67) Kramnik,V (2779)-Xiong,J (2656) Douglas 2018}) 5... g6 6. O-O {B50: Sicilian: 2...d6, Miscellaneous} Bg7 7. a4 O-O 8. Nc3 e6 {LiveBook: 4 Games} 9. Bg5 {[%cal Bc1g5,Bg5h4,Bh4g3][%mdl 32]} h6 10. Bh4 a6 11. Nh2 $146 g5 12. Bg3 d5 13. Bb3 c4 14. Ba2 {[#]} (14. exd5 $11 Nxd5 15. Bxc4) 14... b5 $1 {[%mdl 512]} 15. e5 $1 {[%cal Re5f6]} (15. axb5 axb5) 15... Nd7 $36 {[%mdl 2048] Black has good play.} 16. d4 $1 f6 $1 17. axb5 (17. exf6 $15 Qxf6 18. axb5 Nxd4 19. Ng4) 17... axb5 $19 {[%cal Rf6e5]} 18. exf6 Nxf6 19. Nxb5 Qb6 20. Nc3 $2 (20. c3) 20... Qxb2 21. Qd2 $2 (21. Bxc4 {was necessary.} Qxa1 22. Qxa1 Rxa1 23. Rxa1 dxc4 24. Nf3) 21... Nxd4 22. Rae1 Ne4 {[%mdl 64] [#] Deflection} (22... Nxc2 $2 23. Bb1 $19) 23. Nxe4 Rxa2 24. Nxg5 $2 (24. Bd6 Re8 25. Qd1 dxe4 26. Qh5) 24... Qxc2 25. Qe3 Ne2+ 26. Kh1 d4 27. Qe4 hxg5 28. Qg4 Qf5 29. Qh5 g4 30. Qh4 gxh3 31. Ng4 hxg2+ 32. Kxg2 Bb7+ 33. Kh2 Nxg3 {Accuracy: White = 29%, Black = 72%.} 0-1

[Event "IIFL Wealth 4th Mumbai GM"]
[Site "Mumbai"]
[Date "2019.01.03"]
[Round "5"]
[White "Gajek, Radoslaw"]
[Black "Pranav Vijay"]
[Result "1-0"]
[WhiteElo "2475"]
[BlackElo "2265"]
[Annotator "TA"]
[PlyCount "71"]
[EventDate "2018.12.30"]
[EventType "swiss"]
[EventCountry "IND"]
[SourceTitle "playchess.com"]
[Source "ChessBase"]
[SourceQuality "1"]

{[%evp 14,70,18,14,39,39,33,32,65,79,92,13,16,0,37,44,45,20,109,106,101,97,140,81,112,119,122,107,224,187,167,144,233,197,668,665,657,631,1136,1095,1017,767,777,757,932,962,1030,1014,1518,1304,1220,1134,1074,881,29988,29989,29997,29998,29999]} 1. c4 e5 2. Nc3 Nf6 3. Nf3 Nc6 4. g3 Bc5 5. Bg2 d6 6. O-O a6 7. e3 O-O 8. b3 {LiveBook: 14 Games. A29: English Opening: Four Knights Variation with 4 g3} (8. h3 Ba7 9. d4 h6 10. dxe5 dxe5 11. Qxd8 Rxd8 12. b3 Be6 13. Ba3 Rd7 14. Rfd1 Rad8 15. Rxd7 Rxd7 {½-½ (41) Howell,D (2676)-Ponomariov,R (2694) Riadh 2017}) 8... Bg4 9. h3 Bh5 {And now ...e4 would win.} 10. g4 $146 {White is slightly better.} ({Predecessor:} 10. d3 h6 11. Bb2 Re8 12. Qd2 Ne7 13. d4 e4 14. Nh4 Bb4 15. d5 Ng6 16. Nxg6 Bxg6 {1-0 (39) Alfaro de Hombre,J (2183)-Nicolas Andreu,R (2111) ICCF email 2016}) 10... Nxg4 11. hxg4 Bxg4 12. Qc2 (12. Bb2 $16) 12... f5 $11 13. Nh2 $1 {[%cal Rh2g4]} Nb4 14. Qb1 Qh4 $1 15. Nxg4 (15. Bxb7 Rab8 $11) 15... Qxg4 (15... fxg4 $11 16. Ne4 (16. Bxb7 {leads to mate.} g3 17. fxg3 Qxg3+ 18. Bg2 Rxf1+ 19. Kxf1 Rf8+ 20. Kg1 Qf2+ 21. Kh1 Rf6 22. Bh3 Rh6 23. Qf5 Qxf5 24. Kg2 Rg6+ 25. Bg4 Rxg4+ 26. Kh3 Qh5#) 16... Bb6) 16. a3 $16 Nc6 17. Nd5 Rf7 {[#]} 18. Bb2 (18. b4 $142 $1 {[%cal Rb4c5]} Ba7 19. b5 axb5 20. cxb5) 18... Re8 19. Qd1 {Black must now prevent b4.} Qh4 20. f4 Re6 (20... Nd8 $16 21. b4 Ba7) 21. b4 Ba7 22. b5 Rh6 (22... Nd8 $16) 23. Rf2 exf4 $2 (23... Nd8 24. Qa4 (24. fxe5 f4 $18) (24. Kf1 c6 $16) 24... c6) 24. bxc6 $18 fxe3 25. dxe3 f4 26. cxb7 c6 27. b8=Q+ Bxb8 28. Nxf4 Ba7 29. Bd4 Bxd4 30. Qxd4 c5 31. Qe4 {Intending Qe8+ and mate.} Rhf6 32. Rb1 {Rb8+ would kill now.} Rf8 33. Nd3 Qg3 34. Rxf6 {[%mdl 64] [#] Overworked Piece. White mates.} Rxf6 35. Rb8+ Kf7 36. Qe8# {Accuracy: White = 77%, Black = 38%.} 1-0

[Event "IIFL Wealth 4th Mumbai GM"]
[Site "Mumbai"]
[Date "2019.01.03"]
[Round "5"]
[White "Gukesh D"]
[Black "Aditya Mittal"]
[Result "1-0"]
[WhiteElo "2466"]
[BlackElo "2251"]
[Annotator "TA"]
[PlyCount "91"]
[EventDate "2018.12.30"]
[EventType "swiss"]
[EventCountry "IND"]
[SourceTitle "playchess.com"]
[Source "ChessBase"]
[SourceQuality "1"]

{[%evp 9,90,20,19,23,36,39,56,43,56,52,39,0,42,35,45,0,0,-39,-21,-151,-41,-67,-67,-68,0,38,37,9,110,37,111,98,103,96,98,44,204,167,279,228,227,212,371,374,369,374,386,368,437,389,398,352,437,439,694,684,1330,1313,1292,1291,1956,1701,1675,1073,1053,945,1929,1820,29991,29992,29993,29994,29994,29995,29995,29996,29996,29997,29997,29998,29998,29999,29999]} 1. d4 d5 2. Bf4 Nf6 3. c3 Bg4 (3... e6 4. e3 c5 5. Nd2 Nc6 6. Ngf3 Be7 7. Bd3 Nh5 8. Be5 Nxe5 9. dxe5 g6 10. Qe2 Bd7 11. O-O O-O 12. g3 Qc7 13. e4 Rae8 14. Rfe1 c4 15. Bc2 Bc5 {½-½ (34) Granda Zuniga,J (2648)-Melkumyan,H (2653) Germany 2017}) 4. h3 Bh5 5. Nd2 $146 ({Predecessor:} 5. Qb3 Qc8 6. e3 e6 7. Nd2 Nbd7 8. Be2 Bg6 9. Ngf3 c5 10. Nh4 {½-½ (37) Muse,D (2389)-Sulava,N (2453) Bol 2014}) 5... c5 6. dxc5 {D00: 1 d4 d5: Unusual lines} Nc6 7. Ngf3 e6 8. b4 {White is slightly better.} a5 9. a3 Be7 10. g3 O-O 11. Bg2 h6 12. Nb3 Ne4 13. Qc1 Bf6 {[%mdl 1024] Black has compensation.} 14. Bd2 (14. Nfd4 $1 $11) 14... Qb8 (14... axb4 $17 15. axb4 Rxa1 16. Qxa1 {[#]} Nxb4 $1 {[%mdl 512]}) 15. g4 Bg6 16. O-O a4 ({Of course not} 16... Nxd2 17. Qxd2 b6 18. e3 $11) (16... b6 $15) 17. Nbd4 $14 Nxd2 18. Qxd2 Nxd4 (18... Na7 $11 {keeps the balance.}) 19. Nxd4 (19. cxd4 $16 Qc7 20. e3) 19... Qe5 (19... b6 $14) 20. f4 $36 {[%mdl 2048] White is in control.} Qc7 21. f5 exf5 22. gxf5 ({Better is} 22. Nxf5 $16 Bxf5 23. Rxf5) 22... Bh7 $2 ({Black should try} 22... Bh5 $14) 23. Bxd5 Qd7 (23... Rad8 $142) 24. Be4 Rfe8 25. Qd3 Bxd4+ $2 (25... Rad8 26. Rad1 Qe7) 26. cxd4 $18 Rad8 27. Rad1 f6 28. Bg2 Qe7 29. Qc4+ Kh8 30. e4 Rc8 31. d5 Qd6 (31... Bg8 $142 32. Qb5 Red8 33. Qxa4 Bf7) 32. Qb5 Qa6 33. Qxa6 bxa6 34. d6 Red8 {[#]} 35. e5 $1 fxe5 36. c6 Bg8 37. c7 Rf8 38. Bb7 {[%mdl 64] Double Attack} Ra8 39. Bxa8 {White mates.} Rxa8 {[%mdl 4096] Endgame KRR-KRB} 40. d7 Be6 41. d8=Q+ Rxd8 42. cxd8=Q+ Kh7 43. fxe6 a5 44. Qf8 e4 45. Rd7 {[%csl Gf8][%cal Rd7g7]} Kg6 46. Qf5# {Accuracy: White = 55%, Black = 17%.} 1-0

[Event "IIFL Wealth 4th Mumbai GM"]
[Site "Mumbai"]
[Date "2019.01.03"]
[Round "5"]
[White "Deviatkin, Andrei"]
[Black "Sekar, B."]
[Result "1/2-1/2"]
[WhiteElo "2464"]
[BlackElo "2137"]
[Annotator "TA"]
[PlyCount "104"]
[EventDate "2018.12.30"]
[EventType "swiss"]
[EventCountry "IND"]
[SourceTitle "playchess.com"]
[Source "ChessBase"]
[SourceQuality "1"]

{[%evp 14,104,2,16,13,15,4,16,20,0,10,0,-11,-22,-21,-19,0,-8,15,-71,-36,-51,-38,-37,-17,-96,-87,-92,-93,-143,-139,-194,-58,-41,-41,-115,-112,-103,-103,-93,-87,-93,-53,-102,-108,-105,-88,-87,-87,-129,-132,-182,-173,-171,-81,-81,-81,-81,-81,-81,-81,-108,-37,-43,-43,-208,-133,-133,-132,-132,-130,-130,-9,-9,-9,-9,-9,-9,-9,-9,-9,-9,-9,-9,-9,-9,0,0,0,0,0,0,0]} 1. e4 c5 2. c3 Nf6 3. e5 Nd5 4. d4 cxd4 5. Qxd4 e6 6. Nf3 Nc6 7. Qe4 Qc7 8. Bd3 {LiveBook: 4 Games} d6 {B22: Sicilian: 2 c3} 9. exd6 $1 Bxd6 10. O-O Bd7 11. Na3 f5 12. Qe1 $146 {And now Nb5 would win.} ({Predecessor:} 12. Qh4 Bxa3 13. bxa3 Ne5 14. Nxe5 Qxe5 {1-0 (53) Deviatkin,A (2580)-Malakhov,I (2428) St Petersburg 2011}) 12... Bxa3 13. bxa3 O-O 14. c4 Nf4 $36 {[%mdl 2048] Black has the initiative.} 15. Bc2 Rae8 16. g3 (16. Be3 $11 {remains equal.}) 16... Ng6 17. Bb2 e5 {[%cal Be6e5,Be5e4][%mdl 32]} 18. Qc3 Re7 19. Rad1 (19. c5 $11 {keeps the balance.}) 19... e4 $1 $17 {[%cal Re4f3]} 20. Nd4 Nxd4 21. Qxd4 Bc6 $1 22. Qd6 ({Don't play} 22. Qxa7 $6 Ne5 $11) (22. a4 $17) 22... Qxd6 (22... Qc8 $1 $19 23. Qc5 f4) 23. Rxd6 $15 Ne5 {Strongly threatening ...Nf3+.} 24. Bxe5 (24. Bb3 $15) 24... Rxe5 $17 25. Re1 Kf7 26. f3 Rfe8 27. fxe4 Bxe4 28. Rd7+ R8e7 29. Rxe7+ Rxe7 30. Bxe4 Rxe4 {[%mdl 4096] Endgame KR-KR} 31. Rb1 b6 ({Of course not} 31... Rxc4 $6 32. Rxb7+ Kg6 33. Rxa7 $11) 32. Rb4 {[#]} Re1+ $1 33. Kf2 Ra1 (33... Rc1 $19 {and Black stays clearly on top.} 34. Ke3 Rc3+ 35. Kd4 Rxa3) 34. Ra4 Rxa2+ 35. Ke3 a5 {[#]} 36. c5 $1 {[%mdl 512]} bxc5 37. h4 Rg2 ({Better is} 37... Ke6 $17 38. Rxa5 Kd5) 38. Kf4 $15 Rf2+ 39. Ke5 $2 (39. Ke3 $1 $15 Rg2 40. Kf4) 39... Rf3 40. h5 Rxg3 41. Rxa5 {[#]} h6 $1 42. Rxc5 Rxa3 (42... Rg5 $17 {White must now prevent ...f4+!} 43. Rc7+ Kg8) 43. Kxf5 $11 {The position is equal.} Ra4 44. Rc7+ Kg8 45. Rc5 Rh4 46. Ke6 Kh7 47. Rd5 $1 Rf4 48. Rf5 Rg4 49. Rd5 Rg5 50. Rxg5 hxg5 51. Kf5 Kh6 52. Kg4 g6 {Accuracy: White = 61%, Black = 55%.} 1/2-1/2

[Event "IIFL Wealth 4th Mumbai GM"]
[Site "Mumbai"]
[Date "2019.01.03"]
[Round "5"]
[White "Khusenkhojaev, Muhammad"]
[Black "Pranesh M"]
[Result "1/2-1/2"]
[WhiteElo "2455"]
[BlackElo "2125"]
[Annotator "TA"]
[PlyCount "80"]
[EventDate "2018.12.30"]
[EventType "swiss"]
[EventCountry "IND"]
[SourceTitle "playchess.com"]
[Source "ChessBase"]
[SourceQuality "1"]

{[%evp 22,80,70,76,68,29,47,12,12,12,12,12,12,12,12,12,19,12,20,19,24,22,22,22,22,24,70,0,22,10,7,1,2,1,2,0,0,0,0,0,1,1,1,1,21,6,6,0,0,0,0,0,0,0,0,0,0,0,0,0,0]} 1. c4 c5 2. Nc3 Nf6 3. Nf3 Nc6 4. d4 cxd4 5. Nxd4 e6 6. g3 Bb4 7. Bg2 d5 8. O-O O-O 9. cxd5 Bxc3 10. bxc3 exd5 11. Bg5 Be6 {A33: Symmetrical English: 2 Nf3 Nf6 3 d4 cxd4 4 Nxd4 e6 5 Nc3 Nc6} 12. Rb1 {LiveBook: 3 Games} (12. Nxc6 bxc6 13. Qd4 h6 14. Bf4 Bf5 15. c4 Re8 16. e3 Be4 17. f3 Bf5 18. Rfd1 Qb6 19. g4 Qxd4 20. exd4 {½-½ (41) Krivoshey,S (2501)-Sokolov,A (2585) playchess.com INT 2004}) 12... Nxd4 13. cxd4 $146 ({Predecessor:} 13. Qxd4 b6 14. Rfd1 Rc8 15. Rb4 Re8 16. e3 Rc5 17. h3 h6 18. Bxf6 Qxf6 19. Qxf6 gxf6 20. Ra4 Re7 21. Rad4 Rec7 22. Bxd5 Bxd5 23. Rxd5 Rxc3 24. R1d2 {½-½ (24) Kauch,M (2230)-Witt,H (1441) Bad Homburg 2007}) 13... b6 {White has an edge.} 14. Rc1 h6 $1 {[%cal Rh6g5]} 15. Bxf6 Qxf6 16. e3 Rfc8 17. Qa4 Qe7 18. h4 g6 19. Qb5 Qd6 20. a4 Rab8 21. a5 Rxc1 22. Rxc1 bxa5 23. Qxa5 Qb6 24. Qa4 (24. Qa2 $14) 24... Rb7 {The position is equal.} 25. Bf3 Qb2 26. Ra1 Kg7 27. Qa5 h5 28. Kg2 Qc2 29. Re1 Qf5 30. Qa1 Qf6 31. Rh1 Kh7 32. Qa3 Rc7 33. Qa2 Qf5 34. Re1 Rc2 35. Qa4 Kg7 36. Rf1 Qd3 {[#] Threatens to win with ...Bh3+!} 37. Rd1 Qf5 38. Rf1 Qd3 {Strongly threatening ...Bh3+!} 39. Rd1 Qf5 40. Rf1 Qd3 {Accuracy: White = 73%, Black = 81%.} 1/2-1/2